Anagramme Pokémon #3 - Statistiques

Statistiques générales
  • Ce quiz a été pris 160 fois
  • Le résultat moyen est 8 sur 20
Statistiques - réponses
Hint Réponse % Correct
LAAUZMIRL Azumarill
89%
BOASL Absol
86%
QUECRARBARA Crabaraque
71%
ARAGDRAM Dragmara
64%
SEMRUBLRAI Simularbre
61%
CAHASELEM Salamèche
55%
GEFRINSOE Férosinge
48%
SOLODUMCUP Muplodocus
48%
KAOCR Arcko
46%
HOARDMOLC Colhomard
46%
EEHMURCE Ecrémeuh
35%
ITECHIN Cheniti
30%
DUMFRALASB Flambusard
29%
GAEORHCOND Archéodong
26%
NYOECAPH Hypocéan
24%
TARCUCEN Cacturne
17%
PUOSPHIDOC Hippodocus
17%
PHEILUORE Leuphorie
15%
OMLDEIN Limonde
9%
MUBALOCIT Cobaltium
8%
Aucun quiz correspondant
Distribution des résultats
% des personnes avec chaque résultat
Percentile par nombre de réponses
Votre historique - résultats
Vous n’avez pas pris ce quiz